Kappaleen nimi sanoituksissa #5 - Statistics

Yleistilastot
  • Tätä visaa on pelattu 431 kertaa
  • Keskiarvotulos 10 / 20
Vastaustilastot
Sanat % Oikein
Faija anna mun ajaa {mökkitie} / Lupaan, että saunaan vettä vien
99%
Jos sä tykkäät, ni lähekkö baariin / Tämä kylä on kuin {autiosaari}
92%
Hommat valkenee ni naamat kalpenee / Mutta beibi kyllä täällä {tarkenee}
89%
Päivästä päivään {levoton} {Tuhkimo} tekee itsestään marttyyrin
87%
Ja lupaan et flippaan / Ja sit ku mä flippaan / {Peto} {on} {irti}
80%
Joku voimas vei, vaik sä huusit ei / Tää on {hulluuden} {highway}
77%
{Pienen} {pojan} {elämää}, ei enempää ei vähempää / Tennarit vilikkuen mettään juoksee räkänokka tää
59%
{Kaikista} {kasvoista} / Kaikista katseista / Etsin sinua, sinua vain
55%
{Taivas} {lyö} {tulta} yläpuolellamme / Kaikuu kallioilla ääni totuuden
53%
Hei tyttö olen {matkalla} {Alabamaan} / Mennään yhdessä leipomoon
52%
Kaikki on näillä {tummilla} {teillä} / Helppoa mulle rakastetulle
42%
Olet {nuori} {ja} {kaunis} / Mutta kuka se on kun huutaa?
35%
Ei ole hätää, ääni jonka kuulet / On {aamun} {kuiskaus}, hiljaa se sut herättää
32%
Niin {kuunnellaan} {vaan} {taivasta}, se vaikkei vastaakaan / On nukahtanut Jumala tai jatkaa luomistaan
31%
{Hento} {kuiskaus} pimeässä / Se pyytää viereeni vielä jää
29%
Kaikki tietää sen / Sä oot {viimeinen} / Sua jättäis en
29%
Siksi laulan: / {Eläköön} päivät, jotka juoksi iltaan / Niiden riemut ja työt, rohkeus mennä vastavirtaan
22%
Siihen ainakin mä voin luottaa / Juuri siksi tahdon tanssia / {Sano} {mulle} {jotain} {kaunista}
21%
Mä pidän {silmät} {kiinni}, kun mä meen / Ja opettelen uudestaan kävelee
4%
On kaikki päivät pelkkää lauantaita / Me ollaan ylpeesti {kehäraakkeja} {ja} {kuninkaita}
4%
Ehtoja vastaavia visoja ei löytynyt
Tulosjakauma
Jokaisen tuloksen saaneiden osuus
Persentiili vastausten määrän mukaan
Tuloshistoriasi
Et ole pelannut tätä visaa